| 000 | 01287nam a22003254a 4500 | ||
|---|---|---|---|
| 001 | ebr5008068 | ||
| 003 | CaPaEBR | ||
| 006 | m u | ||
| 007 | cr cn||||||||| | ||
| 008 | 000225s2000 nyua sb 001 0 eng | ||
| 010 | _z 00026156 | ||
| 020 | _z0387987592 (hardcover : acid-free paper) | ||
| 020 | _z0387950265 (softcover : acid-free paper) | ||
| 040 |
_aCaPaEBR _cCaPaEBR |
||
| 035 | _a(OCoLC)54852507 | ||
| 050 | 1 | 4 |
_aQA613.2 _b.L44 2000eb |
| 082 | 0 | 4 |
_a514/.3 _221 |
| 100 | 1 |
_aLee, John M., _d1950- |
|
| 245 | 1 | 0 |
_aIntroduction to topological manifolds _h[electronic resource] / _cJohn M. Lee. |
| 260 |
_aNew York : _bSpringer, _cc2000. |
||
| 300 |
_axvii, 385 p. : _bill. |
||
| 490 | 1 |
_aGraduate texts in mathematics ; _v202 |
|
| 504 | _aIncludes bibliographical references (p. [359]-361) and index. | ||
| 533 |
_aElectronic reproduction. _bPalo Alto, Calif. : _cebrary, _d2013. _nAvailable via World Wide Web. _nAccess may be limited to ebrary affiliated libraries. |
||
| 650 | 0 | _aTopological manifolds. | |
| 655 | 7 |
_aElectronic books. _2local |
|
| 710 | 2 | _aebrary, Inc. | |
| 830 | 0 |
_aGraduate texts in mathematics ; _v202. |
|
| 856 | 4 | 0 |
_uhttp://site.ebrary.com/lib/rucke/Doc?id=5008068 _zAn electronic book accessible through the World Wide Web; click to view |
| 999 |
_c5244 _d5244 |
||